000 006070000a22001810004500
003 MACL
005 20160529160527.0
008 160529b xxu||||| |||| 00| 0 eng d
040 _aMACL
_cMACL
041 _aHindi
082 _a891.433 DUS
100 _aपुष्‍प, राबिन शॉ
_946078
245 _aयहॉ चाहने से क्‍या होता है
_cराबिन शॉ पुष्‍प
260 _bअमिता प्रकाशन
_c2007
_aगाजियाबाद
350 _a180
650 _aNovel
_960876
942 _cHIN
_k891.433/PUS
_2ddc
999 _c41638
_d41638